Loading...
| Science - Other | 0 | 3 | 0 | 0 | 30 | 19 | 53.67 | 2 | 2 | 0.00 | 0.00 |
| History - American | 0 | 2 | 0 | 0 | 20 | 94 | 102.50 | 1 | 1 | 0.00 | 0.00 |
| Fine Arts - Other | 0 | 2 | 0 | 0 | 20 | 61 | 67.50 | 2 | 2 | 0.00 | 0.00 |
| Science - Physics | 0 | 2 | 0 | 1 | 20 | 98 | 105.50 | 2 | 2 | 0.00 | 0.00 |
| Social Science | 0 | 2 | 0 | 0 | 20 | 78 | 84.50 | 1 | 2 | 0.00 | 0.00 |
| Mythology | 0 | 1 | 0 | 0 | 10 | 128 | 128.00 | 0 | 1 | 0.00 | 0.00 |
| Science - Biology | 0 | 1 | 0 | 0 | 10 | 90 | 90.00 | 0 | 1 | 0.00 | 0.00 |
| Science - Chemistry | 0 | 1 | 0 | 0 | 10 | 82 | 82.00 | 0 | 1 | 0.00 | 0.00 |
| Literature - American | 0 | 1 | 0 | 0 | 10 | 122 | 122.00 | 0 | 0 | 0.00 | 0.00 |
| Religion | 0 | 1 | 0 | 0 | 10 | 115 | 115.00 | 0 | 0 | 0.00 | 0.00 |
| Pop Culture | 0 | 1 | 1 | 0 | 5 | 89 | 89.00 | 0 | 1 | 0.00 | 0.00 |
| Literature - World | 0 | 0 | 1 | 0 | -5 | 0.00 | 0 | 0 | 0.00 | 0.00 | |
| History - European | 0 | 0 | 1 | 0 | -5 | 0.00 | 0 | 0 | 0.00 | 0.00 |